LDR 01208namaa2200325 i 4500 001 000000178676 003 CaOOAMICUS 005 20260420153419.0 007 tu 008 260420s1945 it 000 u ita r 040 $aPUL$bita$erda 082 0 $a322 100 1 $aBender, Ludwig,$cO.P.,$d1894-1975,$eautore.$0(OLS)http://pul/name/5451 245 10$aChiesa e Stato /$cLuigi Bender O.P. 264 1$aRoma :$bA.V.E.,$c[1945] 300 $a110 pagine ;$c19 cm 336 $atesto$btxt$2rdacontent 337 $asenza mediazione$bn$2rdamedia 338 $avolume$bnc$2rdacarrier 490 1 $aLa Biblioteca Sociale dell' A.V.E. ;$v13 650 4$aChiesa e stato.$0(OLS)http://pul/subject/960 830 3$aLa biblioteca sociale dell'Ave ;$v13.$0(OLS)http://pul/title/22557 850 $aPUL 852 $aPUL$W1$xDP1 Fondo Benedetti Carloni$y126$m3 C 6$j44356$qFondi$B207851$CPULBib$Z2$F207851 $HBen120 $82 941 1 $a1 960 $aStato e Chiesa$9960 996 $6082$a322$9(OLS)http://pul/classification/512 996 $6245$aChiesa e Stato$9(OLS)http://pul/title/18771 996 $6264$aRoma :$bA.V.E.$9(OLS)http://pul/publisher/47979